| 000 | 00829cam a2200229 a 4500 | ||
|---|---|---|---|
| 999 |
_c5578 _d5578 |
||
| 001 | 6353 | ||
| 003 | BD-DhUAP | ||
| 005 | 20201215125059.0 | ||
| 008 | 201215r20032002ii a bf 001 0 eng c | ||
| 020 | _a8186308024 | ||
| 040 |
_aUKM _cUKM _dTXA _dBD-DhUAP _bEng |
||
| 082 | 0 | 0 |
_a690 KUM _223 |
| 100 | _aKumar, Sushil. | ||
| 245 | 0 | 0 |
_aBuilding construction : _ba practical guide in the technique of building construction for students preparing for A.M.I.E., U.P.S.C., degree, diploma and other examinations conducted by Indian universities / _cSushil Kumar. |
| 250 | _a19th ed. | ||
| 260 |
_aDelhi : _bStandard publishers distributors, _cc2002 [Reprinted 2003]. |
||
| 300 |
_axvi, 796 pages : _billustrations ; _c21 cm. |
||
| 500 | _aIncludes index. | ||
| 650 | _aBuilding. | ||
| 650 | _aBuilding construction. | ||
| 942 |
_2ddc _cBK |
||